| 000 | 00408nam a22001337a 4500 | ||
|---|---|---|---|
| 082 | 0 | 0 |
_a629.2 _bAUT _cL-3, P-49 |
| 110 | 2 |
_aThe automobile association _944389 |
|
| 245 | 1 | 0 | _aThe automobile association members annual handbook |
| 260 |
_aLondon. _bThe automobile association _cc1954. |
||
| 300 |
_a264 p. _bill. _c20 cm. |
||
| 526 |
_a0 _b0 _c0 _d629_200000000000000_AUT |
||
| 650 | 0 |
_aMCE _9379 |
|
| 942 |
_2ddc _cBK |
||
| 999 |
_c548192 _d548192 |
||